Urbanistická štúdia

Bibliographic Details
Format: Article
Language:Slovak
PhysicalDescription:Fotogr.
ISSN:1339-648X
Subjects:

MARC

LEADER 00000nab a2200000 ar4500
001 vtls011496273
003 SK-MaSNL
005 20260305031556.0
008 160223c2015 xo wr|p|||||||000 b|slo
038 |a PPPK 
040 |a PPPKCL  |b slo  |c PPPKCL  |e AACR2 
041 0 |a slo 
044 |a xo  |c SK 
080 |a 911.375.1  |2 2011 
080 |a 352.075.1  |2 2011 
245 0 0 |a Urbanistická štúdia  |c [Text a foto] (tj) 
300 |b Fotogr. 
650 0 7 |a urbanizácia  |2 pppkcl  |9 24028 
650 0 7 |a rokovania  |2 pppkcl  |9 29705 
650 0 7 |a obecné zastupiteľstvá  |2 pppkcl  |9 4166 
650 0 7 |a mestské zastupiteľstvá  |2 pppkcl  |9 70169 
651 7 |a Kežmarok (Slovensko : okres)  |2 pppkcl  |9 51824 
651 7 |a Levoča (Slovensko : okres)  |2 pppkcl  |9 30131 
651 7 |a Javorina (Slovensko : vojenský výcvikový priestor)  |2 pppkcl  |9 59338 
773 0 |t Naše novinky : Levoča  |g Roč. II, č. 9 (2015), s. 2  |x 1339-648X 
852 |a PPPK  |b KIS3GCP 
999 |c 3316651  |d 3318581